000 01042nam0a22002891 4500
001 rc\3306330
005 20130115150101.2
021 _aRU
_b[74-79326]
035 _a(NLR Aleph) 007502617
090 _a7670610
_c7670610
100 _a20130115d1974 |||y0rusy50 ca
101 0 _arus
102 _aRU
105 _aa z |||||
200 1 _aДействие быстрых нейтронов на генетические системы растений
210 _aМосква
_cАтомиздат
_d1974
215 _a116 с.
_cчерт.
_d22
320 _aСписок лит.: с. 96-114 (381 назв.)
606 _aРастения
_xДействие ионизирующих излучений
_2psbo
606 _aНейтроны
_xБиологическое действие
_2psbo
606 _aГенетика радиационная
_2psbo
700 1 _aДишлер
_bВ. Я.
_gВалдис Янович
801 0 _aRU
_bNLR
_gpsbo
801 1 _aRU
_bELAR
_2rusmarc
852 _aNLR
_j74-5/3108
942 _cBOOK
980 _aNB